| Tag |
First Indicator |
Second Indicator |
Subfields |
| LEADER |
00000cam a2200000 i 4500 |
| 001 |
in00005776791 |
| 005 |
20260327191602.4 |
| 006 |
m o d |
| 007 |
cr cnu---unuuu |
| 008 |
251218t20252026pauao ob 000 0 eng d |
| 040 |
|
|
|a OPELS
|b eng
|e rda
|e pn
|c OPELS
|d OCLCO
|d NUI
|d USU
|d OCLCO
|d INM
|
| 020 |
|
|
|z 9780323932431
|q (hardcover)
|
| 020 |
|
|
|z 0323932436
|q (hardcover)
|
| 020 |
|
|
|a 9780323932448
|q (electronic book)
|
| 020 |
|
|
|a 0323932444
|q (electronic book)
|
| 035 |
|
|
|a (OCoLC)1564171519
|
| 050 |
|
4 |
|a RD539.8
|
| 060 |
|
4 |
|a WP 910
|
| 082 |
0 |
4 |
|a 618.1/9059
|2 23/eng/20251218
|
| 049 |
|
|
|a TXAM
|
| 245 |
0 |
0 |
|a Refinements in the art of complex breast reconstruction /
|c edited by Jonathan Bank, Ron Israeli.
|
| 264 |
|
1 |
|a Philadelphia, PA :
|b Elsevier,
|c [2025]
|
| 264 |
|
4 |
|c ©2026
|
| 300 |
|
|
|a 1 online resource (xii, 207 pages) :
|b illustrations (chiefly color), color photographs
|
| 336 |
|
|
|a text
|b txt
|2 rdacontent
|
| 337 |
|
|
|a computer
|b c
|2 rdamedia
|
| 338 |
|
|
|a online resource
|b cr
|2 rdacarrier
|
| 504 |
|
|
|a Includes bibliographical references.
|
| 505 |
0 |
|
|a Principles of aesthetic breast reconstruction -- Abdominally based free flap breast reconstruction in the extremes of body habitus -- Thigh-based flaps for breast reconstruction -- Artistry in lumbar artery perforator flap breast reconstruction -- Flaps of the subscapular system for breast reconstruction -- Complex breast reconstruction with local tissue flaps -- Adipose tissue grafting in complex breast reconstruction -- Symmetry procedures for unilateral breast reconstruction -- Delayed deep inferior epigastric perforator flap breast reconstruction -- Prepectoral implant conversion -- Hybrid breast reconstruction -- Breast reconstruction with combined flaps -- Surgical treatment of lymphedema in the context of breast cancer reconstruction -- Management of abdominal wall donor site structural complications -- Nerve preservation and repair in immediate implant-based breast reconstruction -- Iatrogenic breast pain and delayed nerve management.
|
| 520 |
|
|
|a In today's reconstructive breast surgery, what outcomes are desired by patients and what outcomes are surgically achievable? Using a case study approach, Complex Cases in Breast Reconstruction addresses the complexity of these questions in a practical, highly illustrated, and unique manner. This innovative resource uses a multimedia format to focus not only on the procedure, but on treating the whole patient. Clinical cases are presented in a series of interviews with international experts in reconstructive breast surgery, allowing readers to learn from real-world deliberations and considerations both in print and in video format. Features guided interviews with global leaders who provide personal guidance and commentary on a particular case in their area of expertise. Video interviews are accompanied by animations designed specifically for that particular case Presents each case in a highly templated, problem-based manner Covers key topics such as complications and revision surgery, breast aesthetics, failed implant reconstruction, combination flaps, abdominally-based flaps, thigh-based flaps, fat grafting, hybrid reconstruction, nerve preservation, breast pain, and more Contains an abundance of photographs, illustrations, and animations that deliver highly visual, expert guidance from the surgeon's point of view An eBook version is included with purchase. The eBook allows you to access all of the text, figures and references, with the ability to search, customize your content, make notes and highlights, and have content read aloud. Additional digital ancillary content may publish up to 6 weeks following the publication date.
|
| 588 |
0 |
|
|a Online resource; title from table of contents page (Elsevier ClinicalKey, viewed January 21, 2026).
|
| 650 |
|
0 |
|a Mammaplasty.
|
| 650 |
|
2 |
|a Mammaplasty
|x methods
|
| 650 |
|
2 |
|a Breast Implants
|
| 650 |
|
2 |
|a Breast
|x surgery
|
| 650 |
|
6 |
|a Mammoplastie.
|
| 650 |
|
6 |
|a Prothèses mammaires.
|
| 655 |
|
7 |
|a Electronic books.
|2 local
|
| 700 |
1 |
|
|a Bank, Jonathan
|c (Plastic surgeon),
|e editor.
|
| 700 |
1 |
|
|a Israeli, Ron,
|e editor.
|
| 710 |
2 |
|
|a ScienceDirect (Online service)
|
| 776 |
0 |
8 |
|i Print version:
|t COMPLEX CASES IN BREAST RECONSTRUCTION.
|d [S.l.] : ELSEVIER - HEALTH SCIENCE, 2025
|z 0323932436
|w (OCoLC)1502658676
|
| 856 |
4 |
0 |
|u http://proxy.library.tamu.edu/login?url=https://www.sciencedirect.com/science/book/9780323932431
|z Connect to the full text of this electronic book
|t 0
|
| 955 |
|
|
|a Elsevier ScienceDirect 2026-2027
|
| 994 |
|
|
|a 92
|b TXA
|
| 999 |
f |
f |
|i d222a9d3-046e-483d-a925-9d4bb7e03a99
|s 3754640f-44a1-42a1-b25d-6c112e0f6a87
|t 0
|
| 952 |
f |
f |
|a Texas A&M University
|b College Station
|c Electronic Resources
|s www_evans
|d Available Online
|t 0
|e RD539.8
|h Library of Congress classification
|
| 998 |
f |
f |
|a RD539.8
|t 0
|l Available Online
|